| 000 | 00521nam a2200157 4500 | ||
|---|---|---|---|
| 001 | 132571 | ||
| 003 | ES-MaACL | ||
| 007 | t| | ||
| 008 | 070214s1955 sp r ||||1| spa d | ||
| 245 | 0 | 0 |
_aRomancero de Don Rodrigo Calderón _b: (1621-1800) / _cintroducción bibliográfica de Antonio Pérez Gómez. |
| 260 |
_aValencia : _b[s.n.], _c1955 ( _fTip. Moderna) |
||
| 300 |
_a156 p. ; _c18 cm. |
||
| 700 | 0 |
_aPérez y Gómez, Antonio, _d1902-1976 _991216 |
|
| 852 |
_aES-MaACL _jC-9785 _bR.37637 |
||
| 999 |
_c132571 _d132571 |
||